00464nam a2200121Ia 4500008004100000100001800041245009200059245001600151260000900167300003900176440004900215650007800264171207s9999 xx 000 0 und d aAli, Shainna. aInside Out and Counseling: Creative Interventions to Facilitate Emotional Intelligence  cShainna Ali c2017 apages 377-387, July-September 2017 aJournal of Creativity in Mental Healthv12:3 aCounseling, creativity, emotional intelligence, Inside Out, mental health